| 000 | 00416nam a22001577a 4500 | ||
|---|---|---|---|
| 003 | OSt | ||
| 008 | 241223b |||||||| |||| 00| 0 eng d | ||
| 020 | _a9788120339866 | ||
| 082 |
_a621.47 _bEAR/WI |
||
| 100 |
_aEarnest,Joshua _9319 |
||
| 100 |
_aWizelius,Tore _91160 |
||
| 245 | _aWind Power Plants and Project Development | ||
| 260 |
_aNew Delhi _bPHI Learning Private Limited _c2011 |
||
| 300 | _a484 | ||
| 942 | _cBK | ||
| 999 |
_c14662 _d14662 |
||